000 00389nmm a2200145Ia 4500
008 251105s9999||||xx |||||||||||||||||und||
041 _aspa
100 _aCotlan, Marcia
245 0 _aAmargo como el amor
264 _a[Madrid, España] :
_bEdiciones B,
_c2014
300 _a320 páginas
650 _aRomance
856 _uhttps://public.digitaliapublishing.com/a/53526
942 _cCF
999 _c104989
_d104989